[Event "Turkey Cup 2020"]
[Site "Antalya-Belek"]
[Date "2020.01.30"]
[Round "8.37"]
[White "Aslanhan, Halis"]
[Black "Buke, Furkan"]
[Result "1/2-1/2"]
[WhiteElo "1774"]
[BlackElo "2041"]
[Annotator "NA"]
[PlyCount "198"]
[EventDate "2020.01.26"]
[EventType "swiss"]
[EventCountry "TUR"]
[SourceTitle "playchess.com"]
[Source "ChessBase"]
[SourceQuality "1"]

1. e4 c5 2. Nc3 Nc6 3. g3 g6 4. Bg2 Bg7 5. f4 d6 6. Nf3 Nf6 7. O-O O-O 8. d3 Rb8 9. a4 a6 10. Re1 b5 11. Qe2 Bg4 12. Qf2 Bxf3 13. Bxf3 Nd4 14. Bd1 e6 15. Be3 b4 16. Bxd4 cxd4 17. Nb1 e5 18. fxe5 dxe5 19. Nd2 Ne8 20. Nc4 Nd6 21. b3 Nxc4 22. dxc4 Bh6 23. Qe2 Be3+ 24. Kh1 Qe7 25. Rf1 f6 26. Qg4 Rbd8 27. Be2 Kh8 28. Bd3 Qb7 29. Qf3 Rf7 30. h3 Rdf8 31. g4 a5 32. Rae1 Bf4 33. Re2 Qe7 34. Rg2 Re8 35. Kg1 Be3+ 36. Kh1 Kg7 37. Re1 Bf4 38. Kg1 Rh8 39. Kf1 Kf8 40. Ke2 Ke8 41. Kd1 Rg7 42. h4 Kd8 43. Rf1 Kc7 44. Rh1 Rhg8 45. Rhg1 h6 46. Ke2 Rh8 47. Kf1 Rgh7 48. h5 Rg7 49. Rh1 Rhg8 50. Be2 Kb6 51. Qd3 Kc5 52. Qf3 Qb7 53. hxg6 Rxg6 54. Rh5 Bg5 55. Qf5 Qc6 56. Qf3 Qd6 57. Qd3 Qd7 58. Qf3 R6g7 59. Bd3 Qe6 60. Be2 Be3 61. Rf5 Rg6 62. Qh3 Qd6 63. Qf3 Qe7 64. Qh3 Bg5 65. Qf3 Qg7 66. Qh3 Be3 67. Qf3 Rf8 68. Rh5 Rg5 69. Qh3 Qg6 70. Bf3 Rh8 71. Ke2 Bf4 72. Rg1 Qg7 73. Rh1 Rxh5 74. Qxh5 Bg5 75. Kd3 Kb6 76. Rf1 Kc5 77. Be2 Rf8 78. Rf5 Qf7 79. Qh2 Qe7 80. Qh5 Qf7 81. Qh2 Qg7 82. Qh5 Rh8 83. Bf3 Rg8 84. Be2 Qg6 85. Qh2 Re8 86. Rf1 Bf4 87. Qg1 Qg5 88. Qf2 Bc1 89. Bd1 Rg8 90. Rh1 Be3 91. Qf5 Qxf5 92. exf5 e4+ 93. Kxe4 Re8+ 94. Kd3 Bg5 95. Rh3 Re7 96. Be2 Re8 97. Rf3 Re7 98. Rh3 Re8 99. Rf3 Re7 1/2-1/2

[Event "Turkey Cup 2020"]
[Site "Antalya-Belek"]
[Date "2020.01.30"]
[Round "8.38"]
[White "Ibik, Halit Yavuz"]
[Black "Yenil, Mucahit"]
[Result "1-0"]
[WhiteElo "1952"]
[BlackElo "1757"]
[Annotator "NA"]
[PlyCount "61"]
[EventDate "2020.01.26"]
[EventType "swiss"]
[EventCountry "TUR"]
[SourceTitle "playchess.com"]
[Source "ChessBase"]
[SourceQuality "1"]

1. e4 c5 2. Nf3 e6 3. d4 cxd4 4. Nxd4 a6 5. Nc3 Qc7 6. g3 Bb4 7. Bd2 Nf6 8. Bg2 Nc6 9. Nxc6 dxc6 10. O-O h5 11. Bg5 Bd6 12. Qd2 h4 13. Rad1 Be7 14. Bxh4 Rxh4 15. gxh4 Ng4 16. f4 Bc5+ 17. Kh1 Qe7 18. Qe1 Ne3 19. Rd3 Nxf1 20. Bxf1 e5 21. f5 Bd7 22. Qg3 O-O-O 23. Be2 Rh8 24. h5 g6 25. hxg6 fxg6 26. fxg6 Rh3 27. g7 Rxg3 28. Rxg3 Be6 29. Bg4 Kc7 30. Bxe6 Qf6 31. g8=Q 1-0

[Event "Turkey Cup 2020"]
[Site "Antalya-Belek"]
[Date "2020.01.30"]
[Round "8.39"]
[White "Kilic, Gokturk Kagan"]
[Black "Aydogdu, Cagatay"]
[Result "1-0"]
[WhiteElo "1923"]
[BlackElo "1803"]
[Annotator "NA"]
[PlyCount "105"]
[EventDate "2020.01.26"]
[EventType "swiss"]
[EventCountry "TUR"]
[SourceTitle "playchess.com"]
[Source "ChessBase"]
[SourceQuality "1"]

1. d4 Nf6 2. c4 e6 3. Nf3 a6 4. Nc3 d5 5. e3 Bd6 6. cxd5 exd5 7. Be2 Nbd7 8. O-O b6 9. b3 Bb7 10. Qc2 O-O 11. Rd1 Qe7 12. Bb2 Rac8 13. Rac1 Ne4 14. Nxe4 dxe4 15. Ne5 Nxe5 16. dxe5 Bxe5 17. Bxe5 Qxe5 18. Rd7 Qe6 19. Rxc7 Rxc7 20. Qxc7 Qc8 21. Rc3 Re8 22. Kf1 a5 23. Ke1 g6 24. Qxc8 Rxc8 25. Rxc8+ Bxc8 26. Kd2 f5 27. Kc3 Kf7 28. Kd4 Ke6 29. g4 Kd6 30. g5 Be6 31. Bc4 Bxc4 32. Kxc4 Kc6 33. a3 Kd6 34. Kb5 Kc7 35. b4 axb4 36. axb4 Kb7 37. h3 Kc7 38. Ka6 Kc6 39. b5+ Kc5 40. h4 Kc4 41. Kxb6 Kd3 42. Kc5 Ke2 43. b6 Kxf2 44. b7 Kxe3 45. b8=Q f4 46. Kd5 Kf3 47. Kd4 e3 48. Kd3 Kg4 49. Ke2 Kg3 50. Qe5 Kg4 51. Qe4 Kxh4 52. Qxf4+ Kh5 53. Kf3 1-0

[Event "Turkey Cup 2020"]
[Site "Antalya-Belek"]
[Date "2020.01.30"]
[Round "8.40"]
[White "Hatipoglu, Metin"]
[Black "Ozalp, Burak"]
[Result "0-1"]
[WhiteElo "1570"]
[BlackElo "1897"]
[Annotator "NA"]
[PlyCount "74"]
[EventDate "2020.01.26"]
[EventType "swiss"]
[EventCountry "TUR"]
[SourceTitle "playchess.com"]
[Source "ChessBase"]
[SourceQuality "1"]

1. e4 c5 2. Nf3 Nc6 3. d4 cxd4 4. Nxd4 g6 5. Nc3 Bg7 6. Be3 Nf6 7. Be2 O-O 8. Qd2 d5 9. exd5 Nxd5 10. Nxd5 Nxd4 11. Bxd4 Qxd5 12. Bxg7 Qxg2 13. Qd4 e5 14. Qxe5 Qxh1+ 15. Kd2 Rd8+ 16. Bd3 Qd5 17. Re1 Qxe5 18. Bxe5 Bf5 19. Re3 Bxd3 20. cxd3 Re8 21. d4 Re6 22. d5 Rd8 23. d6 f6 24. Bg3 Rxe3 25. Kxe3 Kf7 26. Kd4 Ke6 27. a4 Rc8 28. b4 g5 29. f4 Rc1 30. fxg5 fxg5 31. a5 a6 32. Kd3 h5 33. Kd4 h4 34. Be5 Rd1+ 35. Kc5 Kxe5 36. Kb6 Rxd6+ 37. Kxb7 g4 0-1

[Event "Turkey Cup 2020"]
[Site "Antalya-Belek"]
[Date "2020.01.30"]
[Round "8.41"]
[White "Dogdu, Mehmet"]
[Black "Hasanoglu, Hakan"]
[Result "1-0"]
[WhiteElo "1914"]
[BlackElo "1554"]
[Annotator "NA"]
[PlyCount "99"]
[EventDate "2020.01.26"]
[EventType "swiss"]
[EventCountry "TUR"]
[SourceTitle "playchess.com"]
[Source "ChessBase"]
[SourceQuality "1"]

1. d4 d5 2. c4 e6 3. Nf3 a6 4. cxd5 exd5 5. Bf4 Bf5 6. Nc3 c6 7. Qb3 b5 8. g3 Bd6 9. Bxd6 Qxd6 10. Bg2 Ne7 11. O-O O-O 12. Rfe1 Be6 13. Qc2 f5 14. e3 Nd7 15. Ne2 h6 16. h4 Rfc8 17. Nf4 c5 18. Nxe6 Qxe6 19. dxc5 Nxc5 20. Nd4 Ne4 21. Qd3 Qd7 22. Red1 Rc7 23. Ne2 g5 24. hxg5 hxg5 25. f3 Nc5 26. Qd2 Qe6 27. b4 Nd7 28. f4 Nb6 29. fxg5 Nc4 30. Bxd5 Nxd5 31. Qxd5 Qxd5 32. Rxd5 Nxe3 33. Re5 Ng4 34. Rxf5 Re8 35. Nf4 Rc2 36. Rc5 Rd2 37. Rac1 Ne5 38. Rf1 Ng4 39. Rc7 Ne3 40. Re1 Rdd8 41. Nh5 Nd5 42. Rg7+ Kh8 43. Rxe8+ Rxe8 44. Rd7 Re1+ 45. Kh2 Nb6 46. Rb7 Re2+ 47. Kh3 Nd5 48. g6 Re8 49. Rh7+ Kg8 50. Rd7 1-0

[Event "Turkey Cup 2020"]
[Site "Antalya-Belek"]
[Date "2020.01.30"]
[Round "8.42"]
[White "Temel, Burcu Melis"]
[Black "Hatipli, Mehmet"]
[Result "1-0"]
[WhiteElo "1752"]
[BlackElo "1873"]
[Annotator "NA"]
[PlyCount "100"]
[EventDate "2020.01.26"]
[EventType "swiss"]
[EventCountry "TUR"]
[SourceTitle "playchess.com"]
[Source "ChessBase"]
[SourceQuality "1"]

1. e4 c5 2. Nf3 e6 3. d3 Nc6 4. g3 g6 5. Bg2 Bg7 6. c3 Nge7 7. O-O d6 8. Nbd2 O-O 9. h4 Rb8 10. Nb3 b5 11. d4 cxd4 12. cxd4 a5 13. Be3 a4 14. Nc1 d5 15. e5 Nf5 16. Bg5 Qb6 17. Ne2 h5 18. Bh3 Nce7 19. Qd2 b4 20. Rfd1 Ba6 21. Nf4 b3 22. axb3 Qxb3 23. Ra3 Qb4 24. Bxe7 Nxe7 25. Ng5 Qxd2 26. Rxd2 Rb4 27. b3 axb3 28. Rxa6 b2 29. Rxb2 Rxb2 30. Ra7 Nc6 31. Rxf7 Rxf7 32. Bxe6 Kf8 33. Nxg6+ Ke8 34. Bxf7+ Kd7 35. Bxd5 Nxd4 36. e6+ Ke8 37. e7 Kd7 38. Bf7 Re2 39. e8=Q+ Rxe8 40. Bxe8+ Kxe8 41. Nf4 Bh6 42. Ngh3 Kf7 43. Nxh5 Kg6 44. N3f4+ Kf5 45. Kg2 Kg4 46. Nf6+ Kf5 47. N6d5 Ke4 48. Nc3+ Kf5 49. Nce2 Ke4 50. Nxd4 Kxd4 1-0

[Event "Turkey Cup 2020"]
[Site "Antalya-Belek"]
[Date "2020.01.30"]
[Round "8.43"]
[White "Caner, Resul"]
[Black "Koc, Aylin"]
[Result "1/2-1/2"]
[WhiteElo "1932"]
[BlackElo "1500"]
[Annotator "NA"]
[PlyCount "64"]
[EventDate "2020.01.26"]
[EventType "swiss"]
[EventCountry "TUR"]
[SourceTitle "playchess.com"]
[Source "ChessBase"]
[SourceQuality "1"]

1. e4 e5 2. Nf3 Nc6 3. d4 exd4 4. Nxd4 Nf6 5. Nc3 Bb4 6. Nxc6 bxc6 7. Bd3 d5 8. exd5 cxd5 9. O-O O-O 10. Bg5 c6 11. Qd2 d4 12. Qf4 h6 13. Bxf6 Qxf6 14. Qxf6 gxf6 15. Ne2 c5 16. a3 Ba5 17. b4 cxb4 18. Be4 Rb8 19. Nxd4 Bd7 20. axb4 Rxb4 21. c3 Ra4 22. Rxa4 Bxa4 23. Nf5 Bxc3 24. Nxh6+ Kg7 25. Nf5+ Kg8 26. h4 Rd8 27. f3 a5 28. h5 Rd1 29. Rxd1 Bxd1 30. Kf2 a4 31. Ke3 Bb3 32. Nd4 Bxd4+ 1/2-1/2

[Event "Turkey Cup 2020"]
[Site "Antalya-Belek"]
[Date "2020.01.30"]
[Round "8.44"]
[White "Dolgun, Can"]
[Black "Benk, Tolga Tugay"]
[Result "1-0"]
[WhiteElo "2266"]
[BlackElo "1821"]
[Annotator "NA RC"]
[PlyCount "95"]
[EventDate "2020.01.26"]
[EventType "swiss"]
[EventCountry "TUR"]
[SourceTitle "playchess.com"]
[Source "ChessBase"]
[SourceQuality "1"]

1. e4 d6 2. d4 Nf6 3. Nc3 e5 4. Nf3 Nbd7 5. Bc4 Be7 6. O-O O-O 7. Re1 c6 8. a4 h6 9. Ba2 b6 10. h3 Qc7 11. dxe5 dxe5 12. Nh4 Nc5 13. Qf3 Be6 14. Nf5 Kh7 15. Be3 Ng8 16. Qg3 Bxf5 17. exf5 Nf6 18. Rad1 Rae8 19. Bc1 Bd6 20. Qh4 Be7 21. Qc4 a5 22. f3 Bd6 23. Ne4 Ncxe4 24. fxe4 Bc5+ 25. Kh2 Rd8 26. Qe2 Rfe8 27. c3 Re7 28. g4 Red7 29. Rxd7 Rxd7 30. h4 h5 31. gxh5 Qd8 32. Bg5 Qf8 33. h6 gxh6 34. Bxf6 Qd6 35. Bg5 hxg5 36. Qh5+ Qh6 37. Bxf7 Rd2+ 38. Kh3 Qxh5 39. Bxh5 gxh4 40. Rf1 Bf2 41. f6 Kg8 42. Kg4 Kf8 43. b4 Bg3 44. bxa5 bxa5 45. Rb1 Rd8 46. Rb7 Be1 47. Rh7 Kg8 48. Bg6 1-0

[Event "Turkey Cup 2020"]
[Site "Antalya-Belek"]
[Date "2020.01.30"]
[Round "8.45"]
[White "Gundogan, Sinem Cagla"]
[Black "Ozsoy, Alimert"]
[Result "0-1"]
[WhiteElo "1808"]
[BlackElo "2211"]
[Annotator "NA RC"]
[PlyCount "150"]
[EventDate "2020.01.26"]
[EventType "swiss"]
[EventCountry "TUR"]
[SourceTitle "playchess.com"]
[Source "ChessBase"]
[SourceQuality "1"]

1. e4 e5 2. Nf3 Nc6 3. Bc4 Nf6 4. d3 h6 5. O-O d6 6. a4 g5 7. Re1 Bg7 8. c3 O-O 9. d4 Bg4 10. dxe5 Nxe5 11. Be2 Bxf3 12. Bxf3 g4 13. Be2 Nxe4 14. Bf4 Qf6 15. Bg3 Nxg3 16. hxg3 h5 17. a5 Qf5 18. Ra4 Rfe8 19. Na3 c6 20. Nc2 d5 21. Rf4 Qg6 22. a6 b6 23. Bf1 Rad8 24. Nd4 Bh6 25. Rf5 Bg7 26. Qd2 f6 27. Bd3 Nxd3 28. Rxe8+ Qxe8 29. Qxd3 c5 30. Ne2 Qe4 31. Qxe4 dxe4 32. Nf4 Rd1+ 33. Kh2 Ra1 34. Nxh5 Rxa6 35. Rd5 Bh8 36. Nf4 Ra2 37. Rd8+ Kh7 38. Rd7+ Kh6 39. Rd8 Bg7 40. Rd5 Bh8 41. Rd8 Bg7 42. Rd7 Rxb2 43. Ne6 Bh8 44. Nf8 Rxf2 45. Rh7+ Kg5 46. Rxh8 Rc2 47. Ne6+ Kf5 48. Nf4 e3 49. Rd8 Rxc3 50. Rd5+ Ke4 51. Rd7 Ra3 52. Nd5 Ke5 53. Nf4 c4 54. Rd5+ Ke4 55. Rd7 c3 56. Re7+ Kf5 57. Rxe3 c2 58. Rxa3 c1=Q 59. Rxa7 Qc6 60. Re7 b5 61. Ne2 Qc5 62. Rd7 b4 63. Nf4 Ke4 64. Rd8 b3 65. Re8+ Qe5 66. Rxe5+ fxe5 67. Ne2 Kd3 68. Nc1+ Kc2 69. Nxb3 Kxb3 70. Kg1 Kc2 71. Kf1 Kd2 72. Kf2 e4 73. Kf1 e3 74. Kg1 e2 75. Kh2 Ke3 0-1

[Event "Turkey Cup 2020"]
[Site "Antalya-Belek"]
[Date "2020.01.30"]
[Round "8.46"]
[White "Baylav, Can"]
[Black "Gur, Tuba"]
[Result "1/2-1/2"]
[WhiteElo "2176"]
[BlackElo "1782"]
[Annotator "NA"]
[PlyCount "108"]
[EventDate "2020.01.26"]
[EventType "swiss"]
[EventCountry "TUR"]
[SourceTitle "playchess.com"]
[Source "ChessBase"]
[SourceQuality "1"]

1. Nf3 d5 2. g3 c5 3. b3 Nc6 4. Bb2 Nf6 5. Bg2 Bf5 6. O-O h6 7. d3 Qc7 8. Nh4 Be6 9. Nd2 g6 10. e4 d4 11. h3 Bg7 12. Kh2 Bd7 13. Bc1 e6 14. a4 g5 15. Nhf3 e5 16. Nc4 O-O-O 17. Bd2 Be6 18. Qe1 Ne8 19. Ng1 Nd6 20. Rb1 Bf8 21. f4 f6 22. fxe5 fxe5 23. Nf3 Nxc4 24. dxc4 Nb4 25. Bxb4 cxb4 26. Qe2 Be7 27. a5 g4 28. hxg4 Bxg4 29. Bh3 h5 30. Qd2 Rdg8 31. Qf2 Kb8 32. Nh4 Bxh4 33. gxh4 Bxh3 34. Kxh3 Rg4 35. Qf6 Rhg8 36. Rf3 R4g6 37. Qf8+ Qc8+ 38. Qxc8+ Kxc8 39. Rbf1 Kd7 40. Rf7+ Ke8 41. R7f5 Rg3+ 42. Kh2 Rg2+ 43. Kh1 Rxc2 44. Rxe5+ Kd7 45. Rg1 Rc3 46. Rxh5 Rxb3 47. Rd5+ Ke6 48. Rxd4 Ra3 49. Rd5 a6 50. Rdg5 Re3 51. Rg6+ Ke5 52. Rb6 Rxe4 53. h5 Rxc4 54. h6 Rh4# 1/2-1/2

[Event "Turkey Cup 2020"]
[Site "Antalya-Belek"]
[Date "2020.01.30"]
[Round "8.47"]
[White "Gulbeyaz, Emir"]
[Black "Baylav, Bartu"]
[Result "1/2-1/2"]
[WhiteElo "2121"]
[BlackElo "1777"]
[Annotator "NA"]
[PlyCount "101"]
[EventDate "2020.01.26"]
[EventType "swiss"]
[EventCountry "TUR"]
[SourceTitle "playchess.com"]
[Source "ChessBase"]
[SourceQuality "1"]

1. e4 c6 2. d3 d5 3. Qe2 g6 4. Nf3 Bg4 5. Nbd2 Bg7 6. h3 Bxf3 7. Nxf3 e6 8. g4 Qa5+ 9. Bd2 Qb6 10. Rb1 Ne7 11. Bg2 dxe4 12. dxe4 Qa6 13. Qxa6 Nxa6 14. b4 O-O 15. O-O Rfd8 16. Rfd1 Rd7 17. Bf1 Rad8 18. Bd3 Nc7 19. a4 b6 20. Bf4 h6 21. Ne5 Bxe5 22. Bxe5 g5 23. Be2 Ne8 24. Rxd7 Rxd7 25. Rd1 Rxd1+ 26. Bxd1 Ng6 27. Bb8 a6 28. c4 Nf4 29. b5 cxb5 30. cxb5 axb5 31. axb5 Nxh3+ 32. Kf1 Nf6 33. Bc2 Nd7 34. Bc7 Nf4 35. Ke1 Kg7 36. Kd2 e5 37. Bb3 Ne6 38. Bd6 Nf4 39. Kc3 Kf6 40. Bc4 Kg6 41. Be7 Nf6 42. f3 Nd7 43. Kb4 Nf6 44. Bd8 Nd7 45. Ba2 Nd3+ 46. Kc3 Nf4 47. Be7 Nf6 48. Kc4 Nd7 49. Bb3 Kg7 50. Bd8 Kf8 51. Kc3 1/2-1/2

[Event "Turkey Cup 2020"]
[Site "Antalya-Belek"]
[Date "2020.01.30"]
[Round "8.48"]
[White "Ekici, Kaan Muhammed"]
[Black "Gokbulut, Julia"]
[Result "0-1"]
[WhiteElo "1738"]
[BlackElo "1989"]
[Annotator "NA"]
[PlyCount "92"]
[EventDate "2020.01.26"]
[EventType "swiss"]
[EventCountry "TUR"]
[SourceTitle "playchess.com"]
[Source "ChessBase"]
[SourceQuality "1"]

1. e4 c5 2. Nf3 e6 3. d4 cxd4 4. Nxd4 Nc6 5. Be3 Nf6 6. Bd3 d5 7. Nd2 e5 8. Nxc6 bxc6 9. O-O Bd6 10. Bg5 Rb8 11. c4 d4 12. f4 Be7 13. fxe5 Ng4 14. Bf4 Ne3 15. Bxe3 dxe3 16. Nb3 O-O 17. Qe2 Bg5 18. Rad1 Qc7 19. Nd4 c5 20. Nf5 Qxe5 21. b3 Be6 22. h4 Bf6 23. Nxe3 Bxh4 24. Nd5 h5 25. Qe3 Bg4 26. Rb1 Rbc8 27. Qf4 Qd4+ 28. Qe3 Qxe3+ 29. Nxe3 Be6 30. Nd5 Rfe8 31. Kh2 Bg5 32. Rbe1 Bg4 33. Kg3 Bd2 34. Rb1 Re5 35. Rb2 Bg5 36. Rbf2 f6 37. Nf4 Bxf4+ 38. Rxf4 Rd8 39. Bc2 Rd2 40. R4f2 Rd4 41. Rc1 Kf8 42. Rff1 Ke7 43. Rf2 Re6 44. Rff1 Ra6 45. Ra1 Kd6 46. Kf2 Rd2+ 0-1

[Event "Turkey Cup 2020"]
[Site "Antalya-Belek"]
[Date "2020.01.30"]
[Round "8.49"]
[White "Erdogan, Atakan"]
[Black "Kiziltas, Inanc Vefa"]
[Result "1-0"]
[WhiteElo "1901"]
[BlackElo "1803"]
[Annotator "NA"]
[PlyCount "69"]
[EventDate "2020.01.26"]
[EventType "swiss"]
[EventCountry "TUR"]
[SourceTitle "playchess.com"]
[Source "ChessBase"]
[SourceQuality "1"]

1. Nf3 Nf6 2. c4 c5 3. g3 e6 4. Bg2 Be7 5. Nc3 d5 6. cxd5 exd5 7. d4 c4 8. O-O h6 9. e4 Be6 10. exd5 Nxd5 11. Ne5 O-O 12. Qf3 Nxc3 13. bxc3 Nc6 14. Ng4 Bg5 15. Bxg5 Qxg5 16. Ne3 Rfe8 17. Rab1 Rab8 18. Qf4 Qxf4 19. gxf4 Na5 20. Rb5 b6 21. Re5 Bd7 22. Rd1 Kf8 23. d5 f6 24. Rxe8+ Rxe8 25. d6 b5 26. Nd5 Re2 27. Nb4 g5 28. Bf3 Re8 29. Nd5 Kg7 30. Nc7 Rd8 31. Re1 Bf5 32. Nxb5 Kg6 33. Re7 a6 34. Nd4 Rxd6 35. Rg7+ 1-0

[Event "Turkey Cup 2020"]
[Site "Antalya-Belek"]
[Date "2020.01.30"]
[Round "8.50"]
[White "Kirali, Mehmet"]
[Black "Ince, Taylan Ruzgar"]
[Result "1/2-1/2"]
[WhiteElo "1890"]
[BlackElo "1704"]
[Annotator "NA"]
[PlyCount "99"]
[EventDate "2020.01.26"]
[EventType "swiss"]
[EventCountry "TUR"]
[SourceTitle "playchess.com"]
[Source "ChessBase"]
[SourceQuality "1"]

1. d4 Nf6 2. c4 g6 3. f3 d5 4. cxd5 Nxd5 5. e4 Nb6 6. Nc3 Bg7 7. Be3 O-O 8. Qd2 Nc6 9. O-O-O f5 10. Bb5 Na5 11. Bh6 Nac4 12. Qg5 e6 13. Nge2 Qxg5+ 14. Bxg5 a6 15. Bxc4 Nxc4 16. b3 Nd6 17. e5 Nb5 18. Bf4 h6 19. h4 Rd8 20. Rd2 Kf7 21. Rhd1 Bd7 22. Be3 Nxc3 23. Nxc3 Bc6 24. d5 Bxd5 25. Nxd5 Rxd5 26. Rxd5 exd5 27. Rxd5 Ke6 28. Rc5 c6 29. f4 h5 30. Rc3 Rd8 31. Bb6 Rd5 32. Rg3 Kf7 33. Kc2 Bf8 34. Be3 Be7 35. Rh3 c5 36. a4 b5 37. axb5 axb5 38. Rh1 c4 39. bxc4 bxc4 40. Bf2 Bb4 41. Rd1 Rxd1 42. Kxd1 Ke6 43. Be1 Bc5 44. Ke2 Kd5 45. Bc3 Be7 46. g3 Bc5 47. Kf3 Be7 48. Ke2 Bc5 49. Kf3 Be7 50. Ke2 1/2-1/2

[Event "Turkey Cup 2020"]
[Site "Antalya-Belek"]
[Date "2020.01.30"]
[Round "8.51"]
[White "Camdereli, Gunduz"]
[Black "Duran, Esma Doga"]
[Result "0-1"]
[WhiteElo "1763"]
[BlackElo "1877"]
[Annotator "NA"]
[PlyCount "96"]
[EventDate "2020.01.26"]
[EventType "swiss"]
[EventCountry "TUR"]
[SourceTitle "playchess.com"]
[Source "ChessBase"]
[SourceQuality "1"]

1. e4 c5 2. Nf3 e6 3. d4 cxd4 4. Nxd4 Nc6 5. Nxc6 bxc6 6. Bd3 Nf6 7. O-O d5 8. e5 Nd7 9. f4 Qb6+ 10. Kh1 Be7 11. b3 Ba6 12. Nc3 c5 13. Rb1 Rc8 14. Na4 Qc6 15. c4 Bb7 16. Qe2 d4 17. Bd2 O-O 18. Rbe1 f5 19. exf6 Rxf6 20. Be4 Qxe4 21. Qxe4 Bxe4 22. Rxe4 e5 23. Rfe1 Bd6 24. fxe5 Nxe5 25. Kg1 Nd3 26. Re8+ Rxe8 27. Rxe8+ Kf7 28. Re2 Re6 29. Rxe6 Kxe6 30. Kf1 Kf5 31. Ke2 Ke4 32. g3 Ne5 33. Bf4 d3+ 34. Kd1 Kd4 35. Nb2 Kc3 36. Na4+ Kd4 37. Nb2 Ke4 38. h4 Kd4 39. Na4 Nf7 40. Kd2 Bxf4+ 41. gxf4 Nd6 42. Nc3 Ne4+ 43. Nxe4 Kxe4 44. f5 Kd4 45. h5 h6 46. Kd1 Kc3 47. Kc1 a5 48. Kd1 d2 0-1

[Event "Turkey Cup 2020"]
[Site "Antalya-Belek"]
[Date "2020.01.30"]
[Round "8.52"]
[White "Subasi, Cagrican"]
[Black "Yildirim, Ibrahim Halil"]
[Result "1-0"]
[WhiteElo "1861"]
[BlackElo "1794"]
[Annotator "NA"]
[PlyCount "105"]
[EventDate "2020.01.26"]
[EventType "swiss"]
[EventCountry "TUR"]
[SourceTitle "playchess.com"]
[Source "ChessBase"]
[SourceQuality "1"]

1. d4 d5 2. Nf3 Nf6 3. c4 c6 4. e3 Bg4 5. Nc3 e6 6. Qb3 Qb6 7. c5 Qc7 8. Ne5 Bf5 9. f4 Nbd7 10. Nd3 Be7 11. Be2 O-O 12. Nf2 b6 13. cxb6 axb6 14. O-O Ne8 15. g4 Bg6 16. Qd1 Nd6 17. Bd2 c5 18. Rc1 Qb7 19. Bf3 cxd4 20. exd4 Nf6 21. h4 Be4 22. Be2 Rfc8 23. g5 Nfe8 24. Nfxe4 Nxe4 25. Nxe4 dxe4 26. f5 exf5 27. Rxf5 Qd7 28. Rf4 Qxd4+ 29. Kg2 Bd6 30. Rg4 Rxc1 31. Bxc1 Qe5 32. Rf4 Qe6 33. Rf2 Rxa2 34. Bg4 Qe7 35. Qb3 Ra7 36. Rxf7 Qxf7 37. Be6 Bc5 38. Be3 Bxe3 39. Bxf7+ Rxf7 40. Qxe3 Nd6 41. Qxb6 Nf5 42. Qd8+ Rf8 43. Qd5+ Kh8 44. Qxe4 g6 45. b4 Rf7 46. b5 Re7 47. Qb4 Re2+ 48. Kf3 Re3+ 49. Kf2 Re8 50. b6 Rb8 51. b7 Nxh4 52. Qd4+ Kg8 53. Qd5+ 1-0

[Event "Turkey Cup 2020"]
[Site "Antalya-Belek"]
[Date "2020.01.30"]
[Round "8.53"]
[White "Var, Sefa"]
[Black "Celebi, Orhan"]
[Result "1-0"]
[WhiteElo "1739"]
[BlackElo "1834"]
[Annotator "NA"]
[PlyCount "81"]
[EventDate "2020.01.26"]
[EventType "swiss"]
[EventCountry "TUR"]
[SourceTitle "playchess.com"]
[Source "ChessBase"]
[SourceQuality "1"]

1. e4 e5 2. Nf3 Nc6 3. Bb5 Nf6 4. O-O Nxe4 5. Re1 Nd6 6. Nxe5 Be7 7. Bd3 Nxe5 8. Rxe5 O-O 9. Nc3 Bh4 10. Re3 Re8 11. b3 Rxe3 12. fxe3 Ne8 13. Qf3 c6 14. Bb2 d5 15. Rf1 Be6 16. Ne2 Bf6 17. Bxf6 Nxf6 18. Nf4 Qa5 19. Nxe6 fxe6 20. Qh3 Kf7 21. Qxh7 Qxd2 22. Bg6+ Ke7 23. Qxg7+ Kd6 24. Qxf6 Qxe3+ 25. Qf2 Qxf2+ 26. Rxf2 Rg8 27. Bd3 e5 28. Rf7 e4 29. Be2 Ke5 30. c3 c5 31. Kf2 d4 32. Re7+ Kf4 33. g3+ Kf5 34. cxd4 cxd4 35. Rxb7 d3 36. Rb5+ Ke6 37. Bh5 Rd8 38. Ke3 d2 39. Bd1 Rd3+ 40. Kxe4 Rc3 41. Rd5 1-0

[Event "Turkey Cup 2020"]
[Site "Antalya-Belek"]
[Date "2020.01.30"]
[Round "8.54"]
[White "Caliskan, Seha"]
[Black "Uzuner, Tufan Can"]
[Result "1-0"]
[WhiteElo "1673"]
[BlackElo "1939"]
[Annotator "NA"]
[PlyCount "99"]
[EventDate "2020.01.26"]
[EventType "swiss"]
[EventCountry "TUR"]
[SourceTitle "playchess.com"]
[Source "ChessBase"]
[SourceQuality "1"]

1. d4 d5 2. c4 c6 3. cxd5 cxd5 4. Nc3 Nf6 5. Nf3 Nc6 6. Bf4 Bf5 7. Qb3 Na5 8. Qa4+ Bd7 9. Qc2 Rc8 10. e3 Nc6 11. a3 e6 12. Bd3 Be7 13. O-O O-O 14. Rfc1 h6 15. h3 Nh5 16. Bh2 f5 17. Ne5 Nxe5 18. Bxe5 Nf6 19. Bxf6 Bxf6 20. f4 Kh8 21. Kh2 Be7 22. Qd2 Bd6 23. Ne2 Qb6 24. Rxc8 Rxc8 25. Rc1 Rxc1 26. Qxc1 Qc7 27. Qxc7 Bxc7 28. Kg1 Ba5 29. b3 Kg8 30. Kf2 Be8 31. Ng1 Bh5 32. Be2 Bxe2 33. Kxe2 Bd8 34. Nf3 Be7 35. a4 Kf7 36. Ne5+ Ke8 37. Kd3 Kd8 38. Kc3 Kc7 39. Nd3 b6 40. b4 Bh4 41. b5 Bg3 42. Kd2 Bh4 43. Ke2 Be7 44. Ne5 Bf6 45. Nc6 a6 46. Kf3 axb5 47. axb5 Kd6 48. g4 g6 49. Kg3 Kd7 50. Ne5+ 1-0

[Event "Turkey Cup 2020"]
[Site "Antalya-Belek"]
[Date "2020.01.30"]
[Round "8.55"]
[White "Tum, Hakan"]
[Black "Kaynar, Mustafa Deniz"]
[Result "1-0"]
[WhiteElo "1852"]
[BlackElo "1555"]
[Annotator "NA"]
[PlyCount "129"]
[EventDate "2020.01.26"]
[EventType "swiss"]
[EventCountry "TUR"]
[SourceTitle "playchess.com"]
[Source "ChessBase"]
[SourceQuality "1"]

1. d4 Nf6 2. Nf3 g6 3. Bg5 Bg7 4. e3 O-O 5. Nbd2 d6 6. Be2 b6 7. O-O Nbd7 8. c4 c5 9. a4 Bb7 10. a5 a6 11. axb6 Qxb6 12. Qc2 e5 13. d5 h6 14. Bh4 Nh7 15. Ra3 Rae8 16. Ne1 f5 17. f3 g5 18. Bf2 Re7 19. e4 f4 20. b4 Qc7 21. Nd3 cxb4 22. Nxb4 a5 23. Nd3 g4 24. fxg4 Ng5 25. h4 Nf7 26. Rfa1 Ra8 27. Qc3 Ree8 28. Rxa5 Rxa5 29. Qxa5 Qxa5 30. Rxa5 Nf6 31. Ra7 Bc8 32. Nb4 Bxg4 33. Bxg4 Nxg4 34. Nc6 Bf6 35. Nf3 Bd8 36. Rb7 Nf6 37. Nd2 Ng4 38. g3 fxg3 39. Bxg3 Nf6 40. Kf1 Nh5 41. Bf2 Nf4 42. Rb8 Kf8 43. c5 Be7 44. Rxe8+ Kxe8 45. Nxe7 Kxe7 46. c6 Kd8 47. Be3 Nd3 48. Ke2 Nb4 49. h5 Kc7 50. Nc4 Nxc6 51. dxc6 Kxc6 52. Nb6 Kb5 53. Kd3 Kb4 54. Nd5+ Kb5 55. Ne7 Nd8 56. Bxh6 Ne6 57. Be3 Kb4 58. Ng6 Nd8 59. h6 Kb5 60. h7 Nf7 61. h8=Q Nxh8 62. Nxh8 Kc6 63. Kc4 Kc7 64. Kd5 Kd7 65. Nf7 1-0

[Event "Turkey Cup 2020"]
[Site "Antalya-Belek"]
[Date "2020.01.30"]
[Round "8.56"]
[White "Araboga, Nizamettin"]
[Black "Cam, Vedat"]
[Result "0-1"]
[WhiteElo "1710"]
[BlackElo "1879"]
[Annotator "NA"]
[PlyCount "46"]
[EventDate "2020.01.26"]
[EventType "swiss"]
[EventCountry "TUR"]
[SourceTitle "playchess.com"]
[Source "ChessBase"]
[SourceQuality "1"]

1. e4 d6 2. d4 Nf6 3. Nc3 c6 4. Be2 Nbd7 5. Nf3 e5 6. Be3 Be7 7. h3 O-O 8. Qd2 b5 9. a3 Qc7 10. O-O a6 11. Bd3 Nb6 12. dxe5 dxe5 13. Bxb6 Qxb6 14. Nxe5 Bb7 15. Qe2 c5 16. b3 Rfd8 17. Ng4 Nxg4 18. Qxg4 Bf6 19. e5 Bxe5 20. Qf5 Qg6 21. Qxg6 hxg6 22. Ne4 Bxa1 23. Rxa1 c4 0-1